000 00807nam a22002177a 4500
999 _c177799
_d177799
005 20210304104610.0
010 _aENG-129140
020 _a978-93-5427-183-0
_c160.00
035 _aEN-112672
037 _bDBAD/PUB
082 _a615.82
100 _aRai, Richa Hirendra
245 _aExcercise Therapy Made Easy: Guiding Principles/
_cRicha Hirendra Rai, translated by Anita Gupta
246 _aएक्सरसाइज थेरेपी सरल अनुवाद
260 _aDelhi
_bBlue Rose Publishers
_c2020
270 _bDelhi
_e110002
_a4233/1, Ansari Road, Darya Ganj
_minfo@bluerosepublishers.com
300 _a83p.
_c23cm(pbk)
_bIncluding illustrations.
500 _aBilingual (Hindi and English)
700 _aGupta Anita, Tr.
942 _2ddc
_cEN
_h615.82
_mRAI